000 00929cam a22002891 4500
999 _c9588
_d9588
001 9588
003 BD-JhCC
005 20180321175356.0
008 180319s1967 pk b 000 0 eng
035 _a(BD-JhCC)9588
040 _aDLC
_cDLC
_dDLC
_dBD-JhCC
041 _aeng
050 0 0 _aDS475.1
_b.A34
082 _bHAM 1967
_a954
100 0 _aHamid, Abdul
_c(Professor)
245 1 0 _aMuslim separatism in India :
_ba brief survey, 1858-1947 /
_cAbdul Hamid
260 _a[Lahore]
_bOxford University Press,
_c1967.
300 _axv, 263, xi p.
_c22 cm.
350 _aRs12.50
500 _a"Published under the auspices of the Social Sciences Research Centre, University of the Panjab."
504 _aBibliography: p. 262-263.
650 0 _aMuslims
_zIndia.
651 0 _aIndia
_xPolitics and government.
710 2 _aUniversity of the Punjab.
_bSocial Sciences Research Centre.
942 _2ddc
_cBK